| Tag |
First Indicator |
Second Indicator |
Subfields |
| LEADER |
00000cam a22000005a 4500 |
| 001 |
in00001452002 |
| 005 |
20151021050520.0 |
| 008 |
980810s1997 enka 000 0 eng d |
| 020 |
|
|
|a 0859652378 (pbk.)
|
| 035 |
|
|
|a (OCoLC)39669914
|
| 035 |
|
|
|9 AJD4033AM
|
| 040 |
|
|
|a JTH
|c JTH
|d NVC
|d TXA
|d UtOrBLW
|
| 049 |
|
|
|a TXAM
|
| 090 |
|
|
|a ML421.R64
|b B66 1997
|
| 100 |
1 |
|
|a Bonanno, Massimo.
|
| 245 |
1 |
4 |
|a The Rolling Stones chronicle :
|b the first four decades /
|c Massimo Bonanno.
|
| 264 |
|
1 |
|a London :
|b PLEXUS Publishing Limited,
|c [1997]
|
| 264 |
|
4 |
|c ©1997
|
| 300 |
|
|
|a 240 pages :
|b illustrations
|
| 336 |
|
|
|a text
|b txt
|2 rdacontent
|
| 337 |
|
|
|a unmediated
|b n
|2 rdamedia
|
| 338 |
|
|
|a volume
|b nc
|2 rdacarrier
|
| 610 |
2 |
0 |
|a Rolling Stones
|x History
|x Chronology.
|
| 948 |
|
|
|a c:pk
|
| 999 |
|
|
|a MARS
|
| 999 |
f |
f |
|s fb6268f7-6bec-3e97-88f8-153125484c41
|i bd0c01cb-0c5f-38dd-993c-79e27a084792
|t 0
|
| 952 |
f |
f |
|p normal
|a Texas A&M University
|b College Station
|c Sterling C. Evans Library
|d Evans: Curriculum Collection (4th floor)
|t 0
|e ML421.R64 B66 1997
|h Library of Congress classification
|i unmediated -- volume
|m A14822289562
|
| 998 |
f |
f |
|a ML421.R64 B66 1997
|t 0
|l Evans: Curriculum Collection (4th floor)
|